000 01409nam a2200301 i 4500
001 52802
003 ES-MaACL
005 20250712031711.0
007 t|
008 030904m19581959sp ||||1| spa d
100 1 _aDeeping, Warwick.
_943195
245 1 0 _aObras de G. Warwick Deeping /
_cGeorge Warwick Deeping.
260 _aBarcelona :
_bJosé Janés,
_c1958-59 (
_fCastilla)
300 _a2 t. :
_bretr. aut. ;
_c18 cm.
490 1 _aMaestros de hoy
505 8 _aContiene: T. I: La ciudad desconfiada / [traducción de José Casaiz Herrera]. Cuando el amor acaba / [traducción de Fernando Gutiérrez]. La oscura morada / [traducción de Mario Rowe]. La tierra prometida / [traducción de Mary Lladó]. -- T. II: El puente del deseo / [traducción y notas de C. González Verges]. Bertrand de Bretaña / [traducción de José Romero de Tejada]. La atrevida juventud / [traducción de M. García]. Rey por un día / [traducción de Enrique de Juan]
700 1 _aCasaiz Herrera, José.
_936037
700 1 _aGutiérrez, Fernando,
_d1911-1984
_9156260
700 1 _aRowe, Mario.
_9100178
700 1 _aLladó, Mary.
_972649
700 1 _aGonzález Verges, C.
_959015
700 1 _aRomero de Tejada, J.
_999376
700 1 _aGarcía, M.
_954065
700 1 _aJuan, Enrique de.
_967090
830 0 _aMaestros de hoy
_9182411
852 _aES-MaACL
_jE-5135-36
_bR.43907
999 _c52802
_d52802